000 00958nmb a2200289uu 4500
001 02673
003 HDC
007 cr aa aaaau
008 201217p200806 enkq|||| |||| 00| 0 eng d
040 _aHDC
100 _aPointing, John
_eauthor
_9292
245 0 _allegal Labelling and Sales of Halal Meat and Food Products /
_cJohn Pointing, Yunes Teinaz, Shuja Shafi
260 _aLondon :
_bSage Publications,
_c2008
300 _a1 online resources (8 pages)
336 _atext
_2rdacontent
337 _acomputer
_2rdamedia
338 _aonline resource
_2rdacarrier
650 _aFalse labelling
_9295
650 _aFood law
_9293
650 _aHalal
_9294
700 _aShuja Shafi
_9297
700 _aTeinaz, Yunez
_9296
856 _zRequest full-text at [email protected]
942 _2lcc
942 _cAR
942 _kJART 001003
999 _c60
_d60